000 005090000a22001690004500
041 0 _aSPA
082 0 4 _aG 266.001 N575b
100 1 _aNúñez Castañeda, Emilio A. (Antonio) (1923-)
245 1 0 _aBases bíbliacas y teológicas de nuestra misión / Emilio Antonio Núñez
260 _aGuatemala : Seminario Teológico Centroamericano
300 _a37 Pag
001 7427
942 _cBK
999 _c37640
_d37640
336 _atexto
_btxt
_2rdacontent
337 _2rdamedia
_asin mediación
_bn
338 _2rdacarrier
_avolumen
_bnc